| 000 | 01583cam a2200397 i 4500 | ||
|---|---|---|---|
| 001 | 19393647 | ||
| 003 | OSt | ||
| 005 | 20230923154755.0 | ||
| 008 | 161202s2018 mau 001 0 eng | ||
| 010 | _a 2016055262 | ||
| 020 | _a9789353060411 | ||
| 020 | _a9780134438986 (student edition) | ||
| 020 | _a0134438981 (student edition) | ||
| 020 | _a9780134439099 (instructor's edition) | ||
| 020 | _a0134438981 (instructor's edition) | ||
| 040 |
_aDLC _beng _cDLC _erda _dDLC |
||
| 042 | _apcc | ||
| 050 | 0 | 0 |
_aQA303.2 _b.W45 2018 |
| 082 | 0 | 0 |
_a515 _bHAS/T |
| 245 | 0 | 0 |
_aThomas' calculus / _cbased on the original work by George B. Thomas, Jr., Massachusetts Institute of Technology, as revised by Joel Hass, University of California, Davis, Christopher Heil, Georgia Institute of Technology, Maurice D. Weir, Naval Postgraduate School. |
| 250 | _aFourteenth edition. | ||
| 264 | 1 |
_a[Boston?] : _bPearson, _c[2018] |
|
| 300 |
_a1 volume (various pagings) : _billustratrions ; _c29 cm |
||
| 336 |
_atext _btxt _2rdacontent |
||
| 337 |
_aunmediated _bn _2rdamedia |
||
| 338 |
_avolume _bnc _2rdacarrier |
||
| 500 | _aIncludes index. | ||
| 650 | 0 |
_aCalculus _vTextbooks. |
|
| 650 | 0 |
_aGeometry, Analytic _vTextbooks. |
|
| 700 | 1 |
_aHass, Joel _99588 |
|
| 700 | 1 |
_aHeil, Christopher, _d1960- |
|
| 700 | 1 | _aWeir, Maurice D. | |
| 906 |
_a7 _bcbc _corignew _d1 _eecip _f20 _gy-gencatlg |
||
| 942 |
_2ddc _cBK _h515 _iHAS/T _k515 _mHAS/T |
||
| 999 |
_c42310 _d42310 |
||